000 003770000a22001090004500
090 _aAS
_bSeriadas
245 1 0 _aEspermatogenesis y ciclo anual reproductivo del Capaz, Pimelodus grosskopfii (<Pisces: Pimelodidae>), en el alto río Magdalena, Colombia
041 0 _aEspañol
100 1 _aCala, Plutarco
_999085
942 _cARTICULO
773 1 _tCaldasia
_345
_h1-2
_q45-53
_d1997
_g19
999 _c14398
_d14398